000 00275 a2200121 4500
001 156886
040 _cEscola São Tomás de Aquino
100 _aCONSTANZA
240 1 0 _aA ratinha vaidosa
_lpor
245 1 0 _aA ratinha vaidosa
697 _a*LITERATURA INFANTO
942 _cBK
999 _c156886
_d156886